[Event "Mittelfranken-chTB2a 1920"]
[Site "Mittelfranken"]
[Date "2020.02.02"]
[Round "5.3"]
[White "Faust, Bernhard"]
[Black "Schmidt, Martin8888"]
[Result "1-0"]
[WhiteElo "1807"]
[BlackElo "1676"]
[PlyCount "37"]
[EventDate "2019.10.13"]
[EventType "team-tourn"]
[EventRounds "9"]
[EventCountry "GER"]
[SourceTitle "EXT 2023"]
[Source "ChessBase"]
[SourceDate "2022.10.05"]
[SourceVersion "1"]
[SourceVersionDate "2022.10.05"]
[SourceQuality "1"]
[WhiteTeam "Rothenburg II"]
[BlackTeam "Dombuehl"]
[WhiteTeamCountry "GER"]
[BlackTeamCountry "GER"]

1. d4 e6 2. c4 f5 3. Nc3 Nf6 4. g3 d5 5. Bg2 c6 6. cxd5 exd5 7. Nf3 Bd6 8. 0-0 Qe7 9. Qb3 0-0 10. Bg5 Kh8 11. Rfe1 h6 12. Bc1 b6 13. Nh4 Kh7 14. Qc2 g6 15. f3 Nh5 16. e4 Nxg3 17. hxg3 Bxg3 18. Nxg6 Kxg6 19. exf5+ 1-0

[Event "Mittelfranken-chTB2a 1920"]
[Site "Mittelfranken"]
[Date "2019.10.13"]
[Round "1.3"]
[White "Kirbach, Thomas"]
[Black "Faust, Bernhard"]
[Result "1-0"]
[WhiteElo "1840"]
[BlackElo "1807"]
[PlyCount "109"]
[EventDate "2019.10.13"]
[EventType "team-tourn"]
[EventRounds "9"]
[EventCountry "GER"]
[SourceTitle "EXT 2023"]
[Source "ChessBase"]
[SourceDate "2022.10.05"]
[SourceVersion "1"]
[SourceVersionDate "2022.10.05"]
[SourceQuality "1"]
[WhiteTeam "Fuerth SF"]
[BlackTeam "Rothenburg II"]
[WhiteTeamCountry "GER"]
[BlackTeamCountry "GER"]

1. d4 e6 2. Nf3 b6 3. c4 Bb7 4. Nc3 f5 5. g3 Nf6 6. Bg2 Be7 7. 0-0 0-0 8. Nh4 Bxg2 9. Nxg2 Nc6 10. Bg5 h6 11. Bxf6 Bxf6 12. e3 Qe8 13. a3 Na5 14. Qd3 c6 15. b4 Nb7 16. f4 d5 17. c5 b5 18. Ra2 a5 19. Rfa1 a4 20. Rf1 Nd8 21. Ne1 Ra7 22. Qe2 g5 23. Nf3 g4 24. Ne5 Bxe5 25. dxe5 h5 26. Qf2 Rh7 27. Ne2 Qe7 28. Nd4 Kf7 29. Qe1 h4 30. Rg2 hxg3 31. hxg3 Rfh8 32. Kf2 Ke8 33. Qe2 Rh2 34. Rfg1 R2h3 35. Nxc6 Nxc6 36. Qxb5 Qd7 37. Qxa4 d4 38. b5 dxe3+ 39. Kxe3 Na7 40. Rd1 Qb7 41. b6+ Ke7 42. Qxa7 Qxa7 43. bxa7 Ra8 44. Rd3 Rxa7 45. Kd2 Rh1 46. Kc2 Rc7 47. Rc3 Ra1 48. Rd2 Ra2+ 49. Kc1 Ra1+ 50. Kb2 Rf1 51. c6 Rf3 52. Rdc2 Rf1 53. Kb3 Rf3 54. Kb4 Rf1 55. Kc5 1-0

[Event "Mittelfranken-chTB2a 1819"]
[Site "Mittelfranken"]
[Date "2018.11.04"]
[Round "2.6"]
[White "Faust, Bernhard"]
[Black "Bachhuber, Dominik"]
[Result "1/2-1/2"]
[WhiteElo "1755"]
[BlackElo "1843"]
[PlyCount "35"]
[EventDate "2018.10.14"]
[EventType "team-tourn"]
[EventRounds "9"]
[EventCountry "GER"]
[SourceTitle "EXT 2022"]
[Source "ChessBase"]
[SourceDate "2021.10.06"]
[SourceVersion "1"]
[SourceVersionDate "2021.10.06"]
[SourceQuality "1"]
[WhiteTeam "Rothenburg II"]
[BlackTeam "Jaecklechemie SC"]
[WhiteTeamCountry "GER"]
[BlackTeamCountry "GER"]

1. d4 Nf6 2. Nf3 e6 3. c4 d5 4. Nc3 Bb4 5. cxd5 exd5 6. Bg5 0-0 7. a3 Be7 8. e3 c6 9. Qc2 h6 10. Bh4 Re8 11. Bd3 Nbd7 12. 0-0 Ne4 13. Bxe7 Qxe7 14. b4 Ndf6 15. Ne5 Ng4 16. Nxg4 Bxg4 17. Rfe1 Qg5 18. f4 1/2-1/2

[Event "Mittelfranken-chTB2a 1819"]
[Site "Mittelfranken"]
[Date "2018.10.14"]
[Round "1.6"]
[White "Teslof, Rihart"]
[Black "Faust, Bernhard"]
[Result "1/2-1/2"]
[WhiteElo "1718"]
[BlackElo "1755"]
[PlyCount "101"]
[EventDate "2018.10.14"]
[EventType "team-tourn"]
[EventRounds "9"]
[EventCountry "GER"]
[SourceTitle "EXT 2022"]
[Source "ChessBase"]
[SourceDate "2021.10.06"]
[SourceVersion "1"]
[SourceVersionDate "2021.10.06"]
[SourceQuality "1"]
[WhiteTeam "Fuerth SF"]
[BlackTeam "Rothenburg II"]
[WhiteTeamCountry "GER"]
[BlackTeamCountry "GER"]

1. c4 e6 2. e3 b6 3. Nf3 Bb7 4. d4 Nf6 5. b3 Bb4+ 6. Bd2 Qe7 7. a3 Bxd2+ 8. Nbxd2 0-0 9. Qc2 c5 10. dxc5 Qxc5 11. Bd3 Nc6 12. Ne4 Nxe4 13. Bxe4 f5 14. Bd3 Ne5 15. Nxe5 Qxe5 16. 0-0 Rac8 17. Rad1 d5 18. Qb1 Rfd8 19. Rfe1 Qf6 20. f3 Kh8 21. Qa1 e5 22. e4 fxe4 23. fxe4 d4 24. Rf1 Qe7 25. Rf5 Rf8 26. Rdf1 g6 27. Rxf8+ Rxf8 28. Rxf8+ Qxf8 29. b4 Kg7 30. Qf1 Qe7 31. Qc1 Ba6 32. Qd2 Bb7 33. g3 Bc6 34. h4 h6 35. Kg2 Bd7 36. Qf2 Qe6 37. Qg1 Qg4 38. Qe1 Qh3+ 39. Kg1 Qe6 40. b5 Qd6 41. Qb4 Qf6 42. Kg2 Bg4 43. Qd2 Qf3+ 44. Kh2 Kf6 45. a4 Qd1 46. Qxh6 Bf3 47. Qf8+ Ke6 48. Qe8+ Kf6 49. Qf8+ Ke6 50. Qe8+ Kf6 51. Qf8+ 1/2-1/2

[Event "Mittelfranken-chTB1 1718"]
[Site "Mittelfranken"]
[Date "2018.04.08"]
[Round "7.8"]
[White "Reiner, Heinrich"]
[Black "Faust, Bernhard"]
[Result "1/2-1/2"]
[WhiteElo "1721"]
[BlackElo "1796"]
[PlyCount "76"]
[EventDate "2017.10.08"]
[EventType "team-tourn"]
[EventRounds "9"]
[EventCountry "GER"]
[SourceTitle "EXT 2022"]
[Source "ChessBase"]
[SourceDate "2021.10.06"]
[SourceVersion "1"]
[SourceVersionDate "2021.10.06"]
[SourceQuality "1"]
[WhiteTeam "Erlangen Siemens"]
[BlackTeam "Rothenburg"]
[WhiteTeamCountry "GER"]
[BlackTeamCountry "GER"]

1. Nf3 b6 2. c4 Bb7 3. d4 e6 4. a3 f5 5. Nc3 Nf6 6. g3 Be7 7. Bg2 0-0 8. 0-0 Qe8 9. d5 Qh5 10. Bf4 Na6 11. b4 h6 12. h4 Ng4 13. e4 g5 14. d6 Bf6 15. e5 gxf4 16. exf6 Nxf6 17. dxc7 Nxc7 18. Ne5 Bxg2 19. Kxg2 fxg3 20. Qxh5 Nxh5 21. fxg3 d6 22. Nd3 Rf7 23. a4 Rg7 24. Ne2 Kf7 25. a5 b5 26. c5 dxc5 27. Nxc5 Nd5 28. Rf3 Rag8 29. Nd3 Kf6 30. Rc1 Rg4 31. Rc5 a6 32. Rc6 Nxb4 33. Nxb4 Rxb4 34. Rxa6 Rxh4 35. Rb6 Ra4 36. Re3 Rxa5 37. Rexe6+ Kf7 38. Rxh6 Ra2 1/2-1/2

[Event "Mittelfranken-chTB2a 1617"]
[Site "Mittelfranken"]
[Date "2016.10.23"]
[Round "1.4"]
[White "Faust, Bernhard"]
[Black "Schmidt, Martin"]
[Result "1/2-1/2"]
[WhiteElo "1785"]
[BlackElo "1678"]
[PlyCount "41"]
[EventDate "2016.10.23"]
[EventType "team-tourn"]
[EventRounds "9"]
[EventCountry "GER"]
[SourceTitle "EXT 2022"]
[Source "ChessBase"]
[SourceDate "2021.10.06"]
[SourceVersion "1"]
[SourceVersionDate "2021.10.06"]
[SourceQuality "1"]
[WhiteTeam "Rothenburg II"]
[BlackTeam "Dombuehl"]
[WhiteTeamCountry "GER"]
[BlackTeamCountry "GER"]

1. d4 e6 2. c4 f5 3. Nc3 Nf6 4. Nf3 Be7 5. e3 0-0 6. Bd3 d6 7. Qc2 Qe8 8. b3 Nc6 9. Ba3 a5 10. Nb5 Bd8 11. 0-0-0 Nb4 12. Qd2 Nxd3+ 13. Qxd3 Ne4 14. Qc2 Bd7 15. Nc3 Nxc3 16. Qxc3 b5 17. cxb5 Bxb5 18. Nd2 a4 19. b4 Bf6 20. f4 Qd7 21. Nf3 1/2-1/2

[Event "Forchheim op-B 15th"]
[Site "Forchheim"]
[Date "2016.10.02"]
[Round "4"]
[White "Faust, Bernhard"]
[Black "Nitzsche, Pia"]
[Result "1-0"]
[WhiteElo "1775"]
[BlackElo "1669"]
[PlyCount "55"]
[EventDate "2016.10.01"]
[EventType "swiss"]
[EventRounds "5"]
[EventCountry "GER"]
[SourceTitle "EXT 2019"]
[Source "ChessBase"]
[SourceDate "2018.10.10"]
[SourceVersion "1"]
[SourceVersionDate "2018.10.10"]
[SourceQuality "1"]

1. d4 Nf6 2. c4 g6 3. Nc3 Bg7 4. e4 d6 5. Nf3 0-0 6. Be2 c5 7. d5 Na6 8. 0-0 Nc7 9. Qd2 a6 10. a4 Rb8 11. Rb1 Bd7 12. Re1 b5 13. axb5 axb5 14. b3 b4 15. Nd1 Nxe4 16. Bb2 Nf6 17. Bd3 Re8 18. Ne3 Rc8 19. Rbd1 Na8 20. Ng5 Qb6 21. f4 e6 22. dxe6 Bxe6 23. f5 Bd7 24. fxg6 hxg6 25. Bxg6 Rf8 26. Bh7+ Kh8 27. Bxf6 Bxf6 28. Bg8 1-0

[Event "Forchheim op-B 15th"]
[Site "Forchheim"]
[Date "2016.10.01"]
[Round "2"]
[White "Faust, Bernhard"]
[Black "Walter, Stefan2222"]
[Result "1/2-1/2"]
[WhiteElo "1775"]
[BlackElo "1934"]
[PlyCount "35"]
[EventDate "2016.10.01"]
[EventType "swiss"]
[EventRounds "5"]
[EventCountry "GER"]
[SourceTitle "EXT 2019"]
[Source "ChessBase"]
[SourceDate "2018.10.10"]
[SourceVersion "1"]
[SourceVersionDate "2018.10.10"]
[SourceQuality "1"]

1. d4 Nf6 2. c4 e6 3. Nc3 Bb4 4. Bd2 d5 5. e3 0-0 6. Nf3 b6 7. cxd5 exd5 8. Bd3 Re8 9. a3 Bd6 10. Qc2 c6 11. h3 h6 12. 0-0-0 Ba6 13. Bf5 Nbd7 14. e4 dxe4 15. Nxe4 Nxe4 16. Bxe4 Rc8 17. Rhe1 Nf6 18. Bf5 1/2-1/2

[Event "Mittelfranken-chTB2a 1516"]
[Site "Mittelfranken"]
[Date "2016.04.03"]
[Round "8.4"]
[White "Muenster, Manfred"]
[Black "Faust, Bernhard"]
[Result "1/2-1/2"]
[WhiteElo "1875"]
[BlackElo "1775"]
[PlyCount "100"]
[EventDate "2015.10.18"]
[EventType "team-tourn"]
[EventRounds "9"]
[EventCountry "GER"]
[SourceTitle "EXT 2020"]
[Source "ChessBase"]
[SourceDate "2019.10.17"]
[SourceVersion "1"]
[SourceVersionDate "2019.10.17"]
[SourceQuality "1"]
[WhiteTeam "Heilsbronn"]
[BlackTeam "Rothenburg II"]
[WhiteTeamCountry "GER"]
[BlackTeamCountry "GER"]

1. e4 b6 2. Bc4 Bb7 3. Nc3 e6 4. d3 Bb4 5. a3 Bxc3+ 6. bxc3 f5 7. Qe2 fxe4 8. dxe4 Qh4 9. Bd3 Nf6 10. g3 Qh5 11. Qxh5+ Nxh5 12. Ne2 0-0 13. 0-0 Nc6 14. f4 Nf6 15. e5 Nd5 16. g4 Nde7 17. a4 Na5 18. f5 exf5 19. gxf5 Rae8 20. Nd4 c5 21. Nb5 Nc8 22. e6 dxe6 23. Nc7 Re7 24. Nxe6 Rfe8 25. Bb5 Bc6 26. Be2 Nd6 27. Bg5 Rxe6 28. fxe6 Rxe6 29. Bd3 c4 30. Bf5 Nxf5 31. Rxf5 Be4 32. Rf4 Bxc2 33. Kf2 h6 34. Bd8 Rd6 35. Be7 Rd2+ 36. Kg1 Nc6 37. Re1 Bxa4 38. Rxc4 Bb5 39. Rf4 Nxe7 40. Rxe7 Rd7 41. Rff7 Rxe7 42. Rxe7 Bc4 43. Rxa7 Kh7 44. Kf2 Kg6 45. Ke3 Kf6 46. Kd4 b5 47. Rc7 g5 48. Rc6+ Kg7 49. Ke5 Bd3 50. Rb6 h5 1/2-1/2

[Event "Mittelfranken-chTB2a 1516"]
[Site "Mittelfranken"]
[Date "2015.12.06"]
[Round "4.5"]
[White "Schoenberger, Andreas"]
[Black "Faust, Bernhard"]
[Result "1/2-1/2"]
[WhiteElo "1770"]
[BlackElo "1775"]
[PlyCount "98"]
[EventDate "2015.10.18"]
[EventType "team-tourn"]
[EventRounds "9"]
[EventCountry "GER"]
[SourceTitle "EXT 2020"]
[Source "ChessBase"]
[SourceDate "2019.10.17"]
[SourceVersion "1"]
[SourceVersionDate "2019.10.17"]
[SourceQuality "1"]
[WhiteTeam "Buechenbach/Roth II"]
[BlackTeam "Rothenburg II"]
[WhiteTeamCountry "GER"]
[BlackTeamCountry "GER"]

1. e4 b6 2. Nf3 Bb7 3. Nc3 e6 4. d4 Bb4 5. Bd3 Nf6 6. Qe2 d5 7. exd5 Nxd5 8. Bd2 Nxc3 9. Bxc3 Bxc3+ 10. bxc3 Nd7 11. c4 0-0 12. 0-0 c5 13. c3 Qc7 14. Rfd1 Qf4 15. Ne1 Rfe8 16. Rac1 Rad8 17. Bb1 Nf6 18. Nc2 Qg5 19. Ne3 Nh5 20. Qg4 Qxg4 21. Nxg4 Nf4 22. Rd2 Bxg2 23. Ne3 Bf3 24. Re1 cxd4 25. cxd4 g6 26. Nc2 Rc8 27. Re3 Bb7 28. Na3 Red8 29. Be4 Bxe4 30. Rxe4 Nh5 31. d5 exd5 32. cxd5 Rd7 33. Nc4 Nf6 34. Red4 Rcd8 35. d6 Ne8 36. a4 Kf8 37. Kg2 a6 38. Rf4 f5 39. Nxb6 Rxd6 40. Rb2 Nf6 41. Rh4 Rd4 42. Rxd4 Rxd4 43. Rc2 Nd7 44. Rc8+ Ke7 45. Rc7 Ke6 46. a5 Nxb6 47. axb6 Rb4 48. b7 a5 49. Rxh7 Kd6 1/2-1/2

[Event "Mittelfranken-chTB2a 1516"]
[Site "Mittelfranken"]
[Date "2015.11.22"]
[Round "3.5"]
[White "Faust, Bernhard"]
[Black "Veh Hoelzlein, Michael"]
[Result "0-1"]
[WhiteElo "1775"]
[BlackElo "1950"]
[PlyCount "62"]
[EventDate "2015.10.18"]
[EventType "team-tourn"]
[EventRounds "9"]
[EventCountry "GER"]
[SourceTitle "EXT 2020"]
[Source "ChessBase"]
[SourceDate "2019.10.17"]
[SourceVersion "1"]
[SourceVersionDate "2019.10.17"]
[SourceQuality "1"]
[WhiteTeam "Rothenburg II"]
[BlackTeam "Cadolzburg"]
[WhiteTeamCountry "GER"]
[BlackTeamCountry "GER"]

1. d4 Nf6 2. c4 c5 3. d5 b5 4. b3 d6 5. Qc2 g6 6. e4 Bg7 7. Bb2 0-0 8. Bd3 Na6 9. a3 Qb6 10. Nd2 Bd7 11. Ne2 Rab8 12. 0-0 bxc4 13. Bxc4 Nc7 14. Rab1 e6 15. Nc3 exd5 16. Nxd5 Ncxd5 17. Bxd5 Be6 18. Bxe6 fxe6 19. Bc3 d5 20. exd5 exd5 21. Bxf6 Rxf6 22. Qd3 Rd8 23. Nf3 Qa6 24. Qc2 Rc6 25. Rfd1 Qxa3 26. h3 Re6 27. Rxd5 Rxd5 28. Qc4 Red6 29. Rd1 Bd4 30. Nxd4 cxd4 31. Rxd4 Qa1+ 0-1

[Event "Mittelfranken-chTB2a 1415"]
[Site "Mittelfranken"]
[Date "2015.04.19"]
[Round "9.7"]
[White "Faust, Bernhard"]
[Black "Davydych, Viacheslav"]
[Result "0-1"]
[WhiteElo "1775"]
[BlackElo "1827"]
[PlyCount "98"]
[EventDate "2014.09.28"]
[EventType "team-tourn"]
[EventRounds "9"]
[EventCountry "GER"]
[SourceTitle "EXT 2020"]
[Source "ChessBase"]
[SourceDate "2019.10.17"]
[SourceVersion "1"]
[SourceVersionDate "2019.10.17"]
[SourceQuality "1"]
[WhiteTeam "Rothenburg"]
[BlackTeam "Bad Windsheim/Ansbach"]
[WhiteTeamCountry "GER"]
[BlackTeamCountry "GER"]

1. d4 d5 2. c4 e6 3. Nc3 Be7 4. Nf3 Nf6 5. Bg5 0-0 6. e3 Nc6 7. Bd3 Nb4 8. 0-0 Nxd3 9. Qxd3 c6 10. a3 Nd7 11. Bxe7 Qxe7 12. cxd5 exd5 13. Rfe1 Nf6 14. b4 Ne4 15. Ne5 f6 16. Nxe4 dxe4 17. Qxe4 fxe5 18. dxe5 Bf5 19. Qc4+ Be6 20. Qc3 Rad8 21. Rad1 Rxd1 22. Rxd1 Rd8 23. Rd4 Bd5 24. f4 Be6 25. e4 g6 26. Qd2 Rxd4 27. Qxd4 b6 28. h3 h5 29. Kf2 c5 30. Qd2 c4 31. Kf3 Qd7 32. Qc2 b5 33. Ke3 Kf7 34. h4 Qd8 35. g3 Qb6+ 36. Kd2 Qf2+ 37. Kc1 Qxg3 38. f5 Qxa3+ 39. Kd2 Qxb4+ 40. Ke2 Bc8 41. e6+ Kf6 42. Qc1 gxf5 43. Qg5+ Kxe6 44. exf5+ Kd7 45. f6 Qb2+ 46. Ke1 Qc3+ 47. Kf2 Qd4+ 48. Ke1 Qe4+ 49. Kd1 Qg4+ 0-1

[Event "Mittelfranken-chTB2a 1415"]
[Site "Mittelfranken"]
[Date "2014.10.12"]
[Round "2.7"]
[White "Schindler, Jan"]
[Black "Faust, Bernhard"]
[Result "0-1"]
[WhiteElo "1565"]
[BlackElo "1775"]
[PlyCount "64"]
[EventDate "2014.09.28"]
[EventType "team-tourn"]
[EventRounds "9"]
[EventCountry "GER"]
[SourceTitle "EXT 2020"]
[Source "ChessBase"]
[SourceDate "2019.10.17"]
[SourceVersion "1"]
[SourceVersionDate "2019.10.17"]
[SourceQuality "1"]
[WhiteTeam "Anderssen/78 Nuernberg"]
[BlackTeam "Rothenburg"]
[WhiteTeamCountry "GER"]
[BlackTeamCountry "GER"]

1. c4 c5 2. Nf3 Nc6 3. Nc3 e5 4. d3 d6 5. g3 f5 6. Bg2 Nf6 7. 0-0 Be7 8. a3 0-0 9. Rb1 a5 10. e3 Bd7 11. d4 e4 12. Ne1 Qe8 13. f3 Qg6 14. f4 h5 15. d5 Nd8 16. Nc2 Nf7 17. Bd2 Nh6 18. Qe1 h4 19. Ne2 hxg3 20. hxg3 Nhg4 21. Bh3 Kf7 22. Kg2 Rh8 23. Rh1 Rh6 24. Bxa5 Rah8 25. Ng1 Nh5 26. Bc3 Nxg3 27. Qxg3 Bh4 28. Bxg4 Bxg3 29. Rxh6 Rxh6 30. Kxg3 Qxg4+ 31. Kf2 Rh2+ 32. Kf1 Qg2+ 0-1

[Event "Mittelfranken-chTB2a 1314"]
[Site "Mittelfranken"]
[Date "2014.03.30"]
[Round "8.6"]
[White "Faust, Bernhard"]
[Black "Klingler, Tobias"]
[Result "1/2-1/2"]
[WhiteElo "1775"]
[BlackElo "1795"]
[PlyCount "117"]
[EventDate "2013.10.20"]
[EventType "team-tourn"]
[EventRounds "9"]
[EventCountry "GER"]
[SourceTitle "EXT 2020"]
[Source "ChessBase"]
[SourceDate "2019.10.17"]
[SourceVersion "1"]
[SourceVersionDate "2019.10.17"]
[SourceQuality "1"]
[WhiteTeam "Rothenburg"]
[BlackTeam "Dinkelsbuehl Wassertruedingen"]
[WhiteTeamCountry "GER"]
[BlackTeamCountry "GER"]

1. d4 Nf6 2. c4 d6 3. Nc3 Bf5 4. Bg5 Nbd7 5. f3 h6 6. Bh4 g5 7. Bf2 Bg7 8. e4 Bg6 9. Bd3 e5 10. d5 c5 11. Nge2 a6 12. Ng3 Nh5 13. Nxh5 Bxh5 14. h4 Bg6 15. h5 Bh7 16. g4 0-0 17. Qc2 Qf6 18. Ke2 Nb6 19. Be3 Rfb8 20. a3 Qd8 21. b4 Nd7 22. Rhc1 b6 23. Rcb1 Qc8 24. Qb3 a5 25. Nb5 Bf8 26. bxa5 bxa5 27. a4 Nf6 28. Rg1 Ne8 29. Rab1 Nc7 30. Qc3 Na6 31. Qd2 Qd8 32. Rbf1 Be7 33. Bb1 f6 34. f4 gxf4 35. Rxf4 exf4 36. Bxf4 Nc7 37. Bxh6 Nxb5 38. cxb5 Qe8 39. Qf4 Bf8 40. Qxf6 Bxh6 41. Qxh6 Qe5 42. Qe6+ Qxe6 43. dxe6 Re8 44. g5 Kh8 45. g6 Bg8 46. h6 Bxe6 47. e5 Bf5 48. g7+ Kh7 49. Bxf5+ Kxh6 50. g8Q Rxg8 51. Rxg8 Rxg8 52. exd6 Kg5 53. Bh3 Kf6 54. d7 Ke5 55. Kd3 Kd5 56. Bg2+ Kd6 57. Bc6 Rf8 58. Ke4 Rd8 59. Kd3 1/2-1/2

[Event "Mittelfranken-chTB2a 1112"]
[Site "Germany"]
[Date "2012.03.11"]
[Round "8.7"]
[White "Pankow, Walter"]
[Black "Faust, Bernhard"]
[Result "1/2-1/2"]
[WhiteElo "1486"]
[BlackElo "1711"]
[PlyCount "28"]
[EventDate "2011.09.25"]
[EventType "team-tourn"]
[EventRounds "9"]
[EventCountry "GER"]
[SourceTitle "EXT 2018"]
[Source "ChessBase"]
[SourceDate "2017.10.13"]
[SourceVersion "1"]
[SourceVersionDate "2017.10.13"]
[SourceQuality "1"]
[WhiteTeam "Ansbach"]
[BlackTeam "Rothenburg"]
[WhiteTeamCountry "GER"]
[BlackTeamCountry "GER"]

1. d4 d5 2. Nf3 Nf6 3. e3 e6 4. Ne5 Bd6 5. c4 c6 6. Nc3 Nbd7 7. Nf3 0-0 8. Bd3 Re8 9. Qc2 dxc4 10. Bxc4 Nb6 11. Bb3 Qc7 12. Ne4 Bb4+ 13. Bd2 Bxd2+ 14. Nfxd2 Nbd5 1/2-1/2

[Event "Mittelfranken-chTB2a 0910"]
[Site "Mittelfranken"]
[Date "2010.04.18"]
[Round "9.7"]
[White "Faust, Bernhard"]
[Black "Kotz, Roland"]
[Result "1/2-1/2"]
[WhiteElo "1697"]
[BlackElo "1630"]
[PlyCount "78"]
[EventDate "2009.10.11"]
[EventType "team-tourn"]
[EventRounds "9"]
[EventCountry "GER"]
[SourceTitle "EXT 2011"]
[Source "ChessBase"]
[SourceDate "2010.11.26"]
[SourceVersion "1"]
[SourceVersionDate "2010.11.26"]
[SourceQuality "1"]
[WhiteTeam "Rothenburg"]
[BlackTeam "Kirchehrenbach"]
[WhiteTeamCountry "GER"]
[BlackTeamCountry "GER"]

1. d4 d5 2. c4 c6 3. cxd5 cxd5 4. Nc3 g6 5. Nf3 Bg7 6. e3 Nf6 7. Bb5+ Bd7 8. Qb3 0-0 9. Bxd7 Qxd7 10. Ne5 Qc7 11. Nxd5 Nxd5 12. Qxd5 e6 13. Qb3 Bxe5 14. dxe5 Nc6 15. f4 Qa5+ 16. Bd2 Qa6 17. Kf2 Rfd8 18. Rhd1 Rd3 19. Bc3 Rad8 20. a3 b6 21. Qc2 Rxd1 22. Rxd1 Rxd1 23. Qxd1 Qc4 24. Qe2 Qe4 25. Qf3 Qc2+ 26. Kg3 Ne7 27. e4 Kg7 28. Qe3 h5 29. Kf3 Qd1+ 30. Qe2 Qa4 31. Qd3 Ng8 32. h3 Nh6 33. Bb4 Qc6 34. g4 hxg4+ 35. hxg4 Qc1 36. Qe2 Qh1+ 37. Kg3 Qg1+ 38. Kh4 Qh1+ 39. Kg3 Qg1+ 1/2-1/2

[Event "Mittelfrankenliga-B2b 0607"]
[Site "Mittelfranken"]
[Date "2007.05.06"]
[Round "9.8"]
[White "Faust, Bernhard"]
[Black "Rosmann, Armin"]
[Result "1-0"]
[WhiteElo "1609"]
[BlackElo "1514"]
[PlyCount "50"]
[EventDate "2006.10.22"]
[EventType "team-tourn"]
[EventRounds "9"]
[EventCountry "GER"]
[SourceTitle "EXT 2011"]
[Source "ChessBase"]
[SourceDate "2010.11.26"]
[SourceVersion "1"]
[SourceVersionDate "2010.11.26"]
[SourceQuality "1"]
[WhiteTeam "Rothenburg"]
[BlackTeam "Buechenbach/Roth II"]
[WhiteTeamCountry "GER"]
[BlackTeamCountry "GER"]

1. d4 Nf6 2. c4 e6 3. Nc3 d5 4. Bg5 Be7 5. Nf3 0-0 6. e3 b6 7. Bd3 dxc4 8. Bxc4 Bb7 9. Qe2 Ne4 10. Bxe7 Qxe7 11. 0-0 Nd6 12. Bd3 Nc6 13. a3 a5 14. Rfd1 Nb8 15. Rac1 Ba6 16. Ne5 f6 17. Nc6 Nxc6 18. Bxa6 Nb8 19. Bd3 c6 20. Na4 b5 21. Nc5 Nb7 22. Qf3 Rc8 23. Nxb7 Qxb7 24. Qe4 Re8 25. Qxh7+ Kf7 1-0

[Event "Mittelfrankenliga-B2b 0607"]
[Site "Mittelfranken"]
[Date "2007.03.11"]
[Round "7.7"]
[White "Tietze, Manfred"]
[Black "Faust, Bernhard"]
[Result "1-0"]
[WhiteElo "1796"]
[BlackElo "1609"]
[PlyCount "99"]
[EventDate "2006.10.22"]
[EventType "team-tourn"]
[EventRounds "9"]
[EventCountry "GER"]
[SourceTitle "EXT 2011"]
[Source "ChessBase"]
[SourceDate "2010.11.26"]
[SourceVersion "1"]
[SourceVersionDate "2010.11.26"]
[SourceQuality "1"]
[WhiteTeam "Muehlhof"]
[BlackTeam "Rothenburg"]
[WhiteTeamCountry "GER"]
[BlackTeamCountry "GER"]

1. e4 b6 2. d4 Bb7 3. Nc3 e6 4. a3 f5 5. exf5 exf5 6. Bf4 Nf6 7. Nf3 d5 8. Bd3 g6 9. 0-0 Bg7 10. Re1+ Ne4 11. Nb5 Na6 12. Ng5 0-0 13. Ne6 Qd7 14. Nxf8 Rxf8 15. f3 Nd6 16. Nxd6 cxd6 17. c3 Nc7 18. Qd2 Re8 19. Rxe8+ Nxe8 20. Re1 Nf6 21. Bh6 Bc6 22. Bxg7 Kxg7 23. Qe2 Kf7 24. Qe3 Qe8 25. Qxe8+ Nxe8 26. Kf2 Nf6 27. Ba6 h6 28. Bc8 Bd7 29. Bxd7 Nxd7 30. Ke3 g5 31. Kd3 b5 32. b3 Nb6 33. a4 bxa4 34. bxa4 Nxa4 35. Ra1 Nb2+ 36. Kc2 Nc4 37. Rxa7+ Kf6 38. Kd3 h5 39. g3 g4 40. f4 Nb2+ 41. Kc2 Nc4 42. Kb3 Nd2+ 43. Kb4 Nf3 44. Ra2 h4 45. Kb5 hxg3 46. hxg3 Ne1 47. Kc6 Nd3 48. Kxd6 Nc1 49. Rc2 Nb3 50. Kxd5 1-0

[Event "Mittelfrankenliga-B2b 0607"]
[Site "Mittelfranken"]
[Date "2007.01.14"]
[Round "4.8"]
[White "Faust, Bernhard"]
[Black "Forche, Peter"]
[Result "1-0"]
[WhiteElo "1609"]
[BlackElo "1323"]
[PlyCount "43"]
[EventDate "2006.10.22"]
[EventType "team-tourn"]
[EventRounds "9"]
[EventCountry "GER"]
[SourceTitle "EXT 2011"]
[Source "ChessBase"]
[SourceDate "2010.11.26"]
[SourceVersion "1"]
[SourceVersionDate "2010.11.26"]
[SourceQuality "1"]
[WhiteTeam "Rothenburg"]
[BlackTeam "Nuernberg Zabo"]
[WhiteTeamCountry "GER"]
[BlackTeamCountry "GER"]

1. d4 d5 2. c4 e6 3. Nc3 Nf6 4. Nf3 Nbd7 5. Bg5 Be7 6. e3 0-0 7. Bd3 dxc4 8. Bxc4 Nb6 9. Bd3 c6 10. 0-0 Nbd5 11. e4 Nxc3 12. bxc3 h6 13. Bd2 b6 14. Qe2 Bb7 15. e5 Nd7 16. Qe4 f5 17. exf6 Nxf6 18. Qxe6+ Kh8 19. Ne5 Qe8 20. Ng6+ Kh7 21. Nxf8+ Kh8 22. Ng6+ 1-0

[Event "Mittelfrankenliga-B2b 0607"]
[Site "Mittelfranken"]
[Date "2006.12.03"]
[Round "3.6"]
[White "Zimmer, Frank2222"]
[Black "Faust, Bernhard"]
[Result "1-0"]
[WhiteElo "1816"]
[BlackElo "1609"]
[PlyCount "83"]
[EventDate "2006.10.22"]
[EventType "team-tourn"]
[EventRounds "9"]
[EventCountry "GER"]
[SourceTitle "EXT 2011"]
[Source "ChessBase"]
[SourceDate "2010.11.26"]
[SourceVersion "1"]
[SourceVersionDate "2010.11.26"]
[SourceQuality "1"]
[WhiteTeam "Nuernberg SK 1911 II"]
[BlackTeam "Rothenburg"]
[WhiteTeamCountry "GER"]
[BlackTeamCountry "GER"]

1. e4 b6 2. d4 Bb7 3. Bd3 f5 4. Qe2 e6 5. Nf3 fxe4 6. Bxe4 Bxe4 7. Qxe4 Nc6 8. 0-0 Nf6 9. Qe2 Be7 10. c4 0-0 11. Nc3 Bd6 12. Nb5 Qe7 13. Bd2 a6 14. Nxd6 Qxd6 15. Bc3 Rae8 16. Rad1 Qf4 17. Ne5 Nxe5 18. dxe5 Ne4 19. Rxd7 Nxc3 20. bxc3 Rf7 21. Rxf7 Qxf7 22. Rd1 Qe7 23. Qd3 h6 24. Qd7 Kf7 25. f4 Qxd7 26. Rxd7+ Re7 27. Rxe7+ Kxe7 28. g4 g6 29. Kf2 b5 30. cxb5 axb5 31. Ke3 c5 32. a3 Kd7 33. h4 Ke7 34. Ke4 Kf7 35. f5 gxf5+ 36. gxf5 exf5+ 37. Kxf5 c4 38. e6+ Ke7 39. Ke5 h5 40. Kd5 Kd8 41. Kc5 Ke7 42. Kxb5 1-0